Hacia el jusnaturalismo /
Contenido: Introducción; De Descartes a Sartre; ¿Existencialismo jurídico?; Hacia el derecho natural.
Gardado en:
| Autor Principal: | |
|---|---|
| Formato: | Libro |
| Idioma: | Lingua castelá |
| Temas: | |
| Etiquetas: |
Sen Etiquetas, Sexa o primeiro en etiquetar este rexistro!
|
MARC
| LEADER | 00000nam^a2200000^a^4500 | ||
|---|---|---|---|
| 001 | 000185894 | ||
| 005 | 20250521000000.0 | ||
| 009 | 20260310102205.812 | ||
| 037 | |a Acervo ITESO - Biblioteca | ||
| 041 | |a ESP | ||
| 082 | |a 340. 112 |b GUT | ||
| 100 | |a Gutiérrez Alvarez, Jorge |e (autor) | ||
| 245 | 1 | 0 | |a Hacia el jusnaturalismo / |c J. Gutiérrez Alvarez. |
| 264 | |a Guadalajara, México : |b Jus, |c 1957 | ||
| 300 | |a 163 p. | ||
| 336 | |a texto |b txt |2 rdacontenido | ||
| 337 | |a sin mediación |b n |2 rdamedio | ||
| 338 | |a volumen |b nc |2 rdasoporte | ||
| 520 | |a Contenido: Introducción; De Descartes a Sartre; ¿Existencialismo jurídico?; Hacia el derecho natural. | ||
| 593 | |a Tesis de Lic. en Derecho, UAG | ||
| 649 | |a XX | ||
| 650 | |a Jusnaturalismo | ||
| 650 | |a Derecho Natural | ||
| 650 | |a Existencialismo - |x Historia y Crítica | ||
| 650 | |a Derecho - |x Filosofía | ||
| 650 | |a Derecho - |x Teoría | ||
| 910 | |a Fondo General | ||
| 920 | |a Impresos - Tesis Externas | ||
| 930 | |a Colección General | ||
| 905 | |a 101 | ||
| 901 | |a 0500127420 |b IT1 |c ACC |u 20250521 | ||
| 902 | |a https://opac.biblio.iteso.mx/vufind/Record/000185894 | ||